| 000 | 00433nam a2200157Ia 4500 | ||
|---|---|---|---|
| 005 | 20250312114759.0 | ||
| 008 | 231217s9999 xx 000 0 und d | ||
| 020 | _a9789332518667 | ||
| 082 | _a001.6425 AHO;82 | ||
| 100 | _aAho, Alfred V. Lam, Monica S. Sethi, Ravi ...[et al.] | ||
| 245 | 0 | _aCompilers : principles, techniques and tools | |
| 250 | _a2nd ed. | ||
| 260 |
_c2014 _bPearson _aNoida |
||
| 300 | _a948 | ||
| 942 | _cAA | ||
| 999 |
_c199965 _d199965 |
||